000 00478nam a22001817a 4500
999 _c172496
_d172496
005 20200206120641.0
010 _aA-556109
020 _a8172013264
_c100.00
035 _aA-556109
037 _bBPPD/Pub.
082 _aک
245 _aعصری ہندوستانی کہانیاں
246 _aAsri Hindustani Kahaniyan (vol.III)
260 _aNew Delhi
_bSahitya Akademi
_c1992 ء
270 _a-
_b-
_e-
300 _a260p.
_c20cm(Hb)
942 _2ddc
_cUR
_hک
_mع ص ر